COVID-19 She-Cession : The Employment Penalty of Taking Care of Young Children.

The COVID-19 outbreak and the measures to contain the virus have caused severe disruptions to labor supply and demand worldwide. Understanding who is bearing the burden of the crisis and what drives it is crucial for designing policies going forward. Using the U.S. monthly Current Population Survey...

詳細記述

書誌詳細
フォーマット: 雑誌
言語:English
出版事項: Washington, D.C. : International Monetary Fund, 2021.
シリーズ:IMF Working Papers; Working Paper ; No. 2021/058
オンライン・アクセス:Full text available on IMF
LEADER 01788cas a2200229 a 4500
001 AALejournalIMF021541
008 230101c9999 xx r poo 0 0eng d
020 |c 5.00 USD 
020 |z 9781513571157 
022 |a 1018-5941 
040 |a BD-DhAAL  |c BD-DhAAL 
245 1 0 |a COVID-19 She-Cession :   |b The Employment Penalty of Taking Care of Young Children. 
264 1 |a Washington, D.C. :  |b International Monetary Fund,  |c 2021. 
300 |a 1 online resource (33 pages) 
490 1 |a IMF Working Papers 
500 |a <strong>Off-Campus Access:</strong> No User ID or Password Required 
500 |a <strong>On-Campus Access:</strong> No User ID or Password Required 
506 |a Electronic access restricted to authorized BRAC University faculty, staff and students 
520 3 |a The COVID-19 outbreak and the measures to contain the virus have caused severe disruptions to labor supply and demand worldwide. Understanding who is bearing the burden of the crisis and what drives it is crucial for designing policies going forward. Using the U.S. monthly Current Population Survey data, this paper analyzes differences in employment responses between men and women. The main finding is that less educated women with young children were the most adversely affected during the first nine months of the crisis.The loss of employment of women with young children due to the burden of additional childcare is estimated to account for 45 percent of the increase in the employment gender gap, and to reduce total output by 0.36 percent between April and November 2020. 
538 |a Mode of access: Internet 
830 0 |a IMF Working Papers; Working Paper ;  |v No. 2021/058 
856 4 0 |z Full text available on IMF  |u http://elibrary.imf.org/view/journals/001/2021/058/001.2021.issue-058-en.xml  |z IMF e-Library